000 01039cam a22002411 4500
001 sa 67003053
003 DLC
005 20260227112335.0
008 880401s1965 ii b 000 0 eng
010 _asa 67003053
035 _a(OCoLC)17723536
040 _aDLC
_cIUB
_dIUB
_dOCoLC
_dDLC
041 1 _aeng
_hara
042 _apremarc
050 0 0 _aKNS479
_b.B35 1965
100 1 _aBaillie, Neil B. E.
_q(Neil Benjamin Edmonstone),
_d1799-1883.
245 1 2 _aA digest of Moohummdan [sic] law;
_bcompiled and translated from authorities in the original Arabic,
_cwith an introduction and explanatory notes, by Neil B. E. Baillie.
260 _aLahore,
_bPremier Book House
_c[1965]
300 _a2 v.
_c20 cm.
504 _aBibliographical footnotes.
505 0 _a[1] The doctrines of the Hanifeea code of jurisprudence, rev. with some additions to the text, and a supplement on sale, loan, and mortgage, etc.--2. The doctrines of the Imameea code of jurisprudence on the most important of the same subjects.
650 0 _aIslamic law.
999 _c73602
_d73602